Эффективная модернизация оптической облучающей системы в тепличном хозяйстве; Высокие технологии в современной науке и технике (ВТСНТ-2017)

Бібліографічні деталі
Parent link:Высокие технологии в современной науке и технике (ВТСНТ-2017).— 2017.— [С. 130-131]
Автор: Бактыбаев А. А.
Співавтор: Национальный исследовательский Томский политехнический университет (ТПУ) Институт физики высоких технологий (ИФВТ) Кафедра лазерной и световой техники (ЛиСТ)
Інші автори: Туранов С. Б. Сергей Борисович (научный руководитель), Толеутаев К. А., Яковлев А. Н. Алексей Николаевич
Резюме:Заглавие с титульного экрана
Мова:Російська
Опубліковано: 2017
Серія:Оптические технологии
Предмети:
Онлайн доступ:http://earchive.tpu.ru/handle/11683/45508
Формат: Електронний ресурс Частина з книги
KOHA link:https://koha.lib.tpu.ru/cgi-bin/koha/opac-detail.pl?biblionumber=625376

MARC

LEADER 00000naa2a2200000 4500
001 625376
005 20241002112651.0
035 |a (RuTPU)RU\TPU\conf\24636 
035 |a RU\TPU\conf\24621 
090 |a 625376 
100 |a 20171213d2017 k y0rusy50 ca 
101 0 |a rus 
102 |a RU 
105 |a y z 101zy 
135 |a drcn ---uucaa 
181 0 |a i  
182 0 |a b 
200 1 |a Эффективная модернизация оптической облучающей системы в тепличном хозяйстве  |f А. А. Бактыбаев, С. Б. Туранов, К. А. Толеутаев  |g науч. рук. А. Н. Яковлев 
203 |a Текст  |c электронный 
225 1 |a Оптические технологии 
300 |a Заглавие с титульного экрана 
320 |a [Библиогр.: с. 131 (3 назв.) 
463 1 |0 (RuTPU)RU\TPU\conf\24481  |t Высокие технологии в современной науке и технике (ВТСНТ-2017)  |o сборник научных трудов VI Международной научно-технической конференции молодых ученых, аспирантов и студентов, г. Томск, 27–29 ноября 2017 г.  |f Национальный исследовательский Томский политехнический университет (ТПУ) ; под ред. А. Н. Яковлева  |v [С. 130-131]  |d 2017 
610 1 |a электронные ресурсы 
610 1 |a труды учёных ТПУ 
610 1 |a электроэнергия 
610 1 |a полупроводниковые световые приборы 
610 1 |a светильники 
610 1 |a световые потоки 
610 1 |a измерительные приборы 
700 1 |a Бактыбаев  |b А. А. 
701 1 |a Туранов  |b С. Б.  |c специалист в области светотехники  |c доцент Томского политехнического университета, кандидат технических наук  |f 1990-  |g Сергей Борисович  |y Томск  |3 (RuTPU)RU\TPU\pers\31578  |9 15738 
701 1 |a Толеутаев  |b К. А. 
702 1 |a Яковлев  |b А. Н.  |c специалист в области светотехники  |c проректор-директор Томского политехнического университета, кандидат физико-математических наук  |f 1971-  |g Алексей Николаевич  |4 727 
712 0 2 |a Национальный исследовательский Томский политехнический университет (ТПУ)  |b Институт физики высоких технологий (ИФВТ)  |b Кафедра лазерной и световой техники (ЛиСТ)  |3 (RuTPU)RU\TPU\col\18690 
801 2 |a RU  |b 63413507  |c 20171220  |g RCR 
856 4 |u http://earchive.tpu.ru/handle/11683/45508 
942 |c BK